La Grece vinicole
Αποθηκεύτηκε σε:
| Κύριος συγγραφέας: | |
|---|---|
| Μορφή: | Βιβλίο |
| Γλώσσα: | French |
| Δημοσίευση: |
Athenes :
Organisme Helleniqe La Promotion des Exportations,
1987
|
| Θέματα: | |
| Ετικέτες: |
Προσθήκη ετικέτας
Δεν υπάρχουν, Καταχωρήστε ετικέτα πρώτοι!
|
MARC
| LEADER | 00000nam a2200000 i 4500 | ||
|---|---|---|---|
| 001 | 1/65673 | ||
| 008 | 980825s1987 fre d | ||
| 035 | |l 10029680 | ||
| 040 | |a GR-MY-UA |b gre |e aacr | ||
| 041 | 0 | |a fre | |
| 082 | 0 | |a 663.2495 KOU | |
| 100 | 1 | |a Κουράκου, Σταυρούλα. | |
| 245 | 1 | 3 | |a La Grece vinicole / |c St. Kourakou-Dragonas |
| 260 | |a Athenes : |b Organisme Helleniqe La Promotion des Exportations, |c 1987 | ||
| 300 | |a 59 p. | ||
| 650 | 0 | 0 | |a Wine and wine making |z Greece. |
| 852 | |a INST |b CHIOS |e 19980825 |h 664.2495 KOU |p 005200015730 |q 005200015730 |t BK |y 0 | ||
| 901 | |a BIBL-1998-2 | ||
| 909 | |a Χ |b 054729 | ||
| 922 | |a 2ΔΩΡ |b 199808 | ||